000 00492nam a2200169Ia 4500
005 20250508153912.0
008 008 250505s9999 xx 000 0 eng d
037 _aBooks to be hide in OPAC
040 _aFEDL
_beng
_cFEDL
041 _aeng
_2eng
084 _a375.4, LEN/O
_qFEDL
245 0 _aL'enseignement des langues vivantes
260 _aGeneva
_bBureau International D' Education
_c1937
300 _a243p.
942 _cHB
_h375.4, LEN/O
999 _c1346250
_d1346250